书目信息 |
| 题名: |
数字电子技术基础
|
|
| 作者: | 阎石 主编 | |
| 分册: | ||
| 出版信息: | 北京 高等教育出版社 2016.04 |
|
| 页数: | 482页 | |
| 开本: | 26cm | |
| 丛书名: | ||
| 单 册: | ||
| 中图分类: | TN79 | |
| 科图分类: | ||
| 主题词: | 数字电路 | |
| 电子资源: | ||
| ISBN: | 978-7-04-044493-3 | |
| 000 | 00672nam0 2200229 450 | |
| 001 | 2041380498 | |
| 005 | 20210622104050.86 | |
| 010 | @a978-7-04-044493-3@dCNY54.40 | |
| 100 | @a20201104d2016 km y0chiy0120 ea | |
| 101 | 0 | @achi |
| 102 | @aCN@b110000 | |
| 200 | 1 | @a数字电子技术基础@AShu Zi Dian Zi Ji Shu Ji Chu@f阎石主编@FYan Shi Zhu Bian |
| 205 | @a6版 | |
| 210 | @a北京@c高等教育出版社@d2016.04 | |
| 215 | @a482页@d26cm | |
| 300 | @a面向21世纪课程教材 | |
| 330 | @a介绍了数字电子技术的基础知识。 | |
| 606 | 0 | @a数字电路 |
| 690 | @aTN79@v4 | |
| 701 | 0 | @a阎石@AYan Shi@4主编 |
| 801 | 0 | @aCN@b大连网信软件有限公司图书馆·11@c20201104 |
| 905 | @aZUCC@dTN79@eY0953=6 | |
| 数字电子技术基础/阎石主编.-6版.-北京:高等教育出版社,2016.04 |
| 482页;26cm |
| 面向21世纪课程教材 |
| ISBN 978-7-04-044493-3:CNY54.40 |
| 介绍了数字电子技术的基础知识。 |
| ● |
| 相关链接 |
|
|
|
正题名:数字电子技术基础
索取号:TN79/Y0953=6
 
预约/预借
| 序号 | 登录号 | 条形码 | 馆藏地/架位号 | 状态 | 备注 |
| 1 | 1501757 | 215017577 | 自科库301/301自科库 32排3列5层/ [索取号:TN79/Y0953] | 在馆 | |
| 2 | 1506866 | 215068664 | 自科库301/301自科库 32排3列5层/ [索取号:TN79/Y0953] | 在馆 | |
| 3 | 1506974 | 215069743 | 自科库301/ [索取号:TN79/Y0953=6] | 在馆 |